Statistics for Top 10 Countries: lowest infant death rate (clues)

Click here to take the quiz!

General Stats

  • This quiz has been taken 20 times
  • The average score is 8 of 10

Answer Stats

RateContinent and population hintAnswer% Correct
2.5Europe <10mFinland
95%
2.5Europe <10mNorway
95%
2.6Europe 10-50mSweden
89%
3.2Europe 50m>France
84%
2Asia >50mJapan
84%
1.8Europe <1mMonaco
84%
2.1Europe <1mIceland
79%
2.4Asia <10mSingapore
79%
3Asia 50m>South Korea
58%
2.6Europe 10-50mCzechia
42%

Score Distribution

Percentile by Number Answered

Percent of People with Each Score

Your Score History

You have not taken this quiz